000 00708nam a2200205 i 4500
001 24250
003 ES-MaACL
005 20230906153021.0
007 t|
008 021216s1935 fr ||||1| fre d
100 1 _aAmos, Maurice.
_921331
245 1 3 _aLa Constitution anglaise /
_cMaurice Amos ; traduit par Paul de la Pradelle.
260 _aParís :
_b[s.n.,
_c1935] (
_fImp. G. Tone)
300 _aIX, 221 p. ;
_c21 cm.
490 1 _aBibliothéque constitutionelle parlementaire contemporaine ;
_v5
700 1 _aPradelle, Paul de la.
_993587
830 0 _aBibliothéque constitutionelle parlementaire contemporaine ;
_v5
_9229080
852 _aES-MaACL
_jA-3447
_bR.14959
999 _c24250
_d24250